Statistics for Every Donovan song that hit the Billboard hot 100

Click here to take the quiz!

General Stats

  • This quiz has been taken 17 times
  • The average score is 9 of 17

Answer Stats

Peak Chart PositionYearSong% Correct
11966Sunshine Superman
100%
21966Mellow Yellow
90%
231965Catch The Wind
80%
51968Hurdy Gurdy Man
70%
611965Colours
70%
261968Jennifer Juniper
60%
71969Atlantis
60%
361969Goo Goo Barabajagal (Love Is Hot)
50%
331968Lalena
40%
531965Universal Soldier
40%
551970Riki Tiki Tavi
40%
191967Epistle To Dippy
30%
231967Wear Your Love Like Heaven
30%
111967There Is A Mountain
30%
661973I Like You
30%
841971Celia Of The Seals
30%
351969To Susan On The West Coast Waiting
20%

Score Distribution

Percentile by Number Answered

Percent of People with Each Score

Your Score History

You have not taken this quiz